Les schizophrénies : De la naissance du concept aux avancées neuroscientifiques actuelles (notice n° 1703924)
[ vue normale ]
| 000 -LEADER | |
|---|---|
| fixed length control field | 01063cam a2200145 4500500 |
| 005 - DATE AND TIME OF LATEST TRANSACTION | |
| control field | 20260322000200.0 |
| 041 ## - LANGUAGE CODE | |
| Language code of text/sound track or separate title | fre |
| 042 ## - AUTHENTICATION CODE | |
| Authentication code | dc |
| 100 10 - MAIN ENTRY--PERSONAL NAME | |
| Personal name | Haouzir, Sadeq |
| Relator term | author |
| 245 00 - TITLE STATEMENT | |
| Title | Les schizophrénies : De la naissance du concept aux avancées neuroscientifiques actuelles |
| 260 ## - PUBLICATION, DISTRIBUTION, ETC. | |
| Name of publisher, distributor, etc. | Dunod,<br/> |
| Date of publication, distribution, etc. | 2025.<br/> |
| 520 ## - SUMMARY, ETC. | |
| Summary, etc. | Les schizophrénies, qui recouvrent une grande hétérogénéité clinique, représentent un ensemble de pathologies particulièrement difficile à appréhender, du fait notamment de la multiplicité de ses interprétations.Sans parti pris théorique ni simplification, cet ouvrage en aborde les différents aspects, de la clinique aux principes thérapeutiques, et remet en perspective les diverses conceptions et explications (historique, psychopathologique, neurobiologique, cognitive). Il prend en compte les avancées thérapeutiques et les évolutions des prises en charge. |
| 700 10 - ADDED ENTRY--PERSONAL NAME | |
| Personal name | Bernoussi, Amal |
| Relator term | author |
| 856 41 - ELECTRONIC LOCATION AND ACCESS | |
| Uniform Resource Identifier | <a href="https://shs.cairn.info/les-schizophrenies--9782100879427?lang=fr&redirect-ssocas=7080">https://shs.cairn.info/les-schizophrenies--9782100879427?lang=fr&redirect-ssocas=7080</a> |
Pas d'exemplaire disponible.




Réseaux sociaux